00444 2200181 4500001002100000005001500021008004100036020002200077035001900099041000600118082000800124090001400132100002100146245001900167260003200186300003100218650001300249INLIS00000000000287320241224112622241224||||||||| | ||| |||| ||  a978-979-571-742-1 0010-1224002873 a00 a920 a920 SUW m0 aI Gede Suwantana00aMahatma Gandhi aJakartabGaneca Pressc2007 avi, 104 hlm.; ilus.: 21 cm 0aBiografi